000 00803nam a2200217Ia 4500
999 _c35328
_d35328
001 1179
003 GE_BSU
005 20190514200820.0
008 181216s2008||||ge |||||||||||||| ||geo||
040 _cGE_BSU
041 _ageo
080 _a635.1/8 შ-19
100 _aშაინიძე, ოთარ.
_91155
245 _aსასარგებლო სოკოები და ზოგიერთის სამრეწველო წარმოების ტექნოლოგიები /
_cოთარ შაინიძე.
264 _aბათუმი ;
_c2008.
300 _a147გვ.;
_b20 სმ.
653 _aსოკო
653 _aმრეწველობა
653 _aსამრეწველო წარმოება
942 _cBK
_2udc